00382 a2200109 4500001000900000005001700009008004100026245009100067100002500158773007200183999001700255ART_298720260410161711.0260409a 10aEfectos de la integración latinoamericana en el esquema de localización industrial1 aRofman, Alejandro B.0 tDesarrollo económicog- Vol. 10, Nº 38 (jul./sep. 1970)wREV1174 c16114d16114